Prominent Muslim Scientists / (Record no. 595007)

000 -LEADER
fixed length control field 00310nam a22001217a 4500
082 ## - DEWEY DECIMAL CLASSIFICATION NUMBER
Classification number 297.298
Author Mark PRO
245 ## - TITLE STATEMENT
Title Prominent Muslim Scientists /
Statement of responsibility, etc. Edited by NUML
260 ## - PUBLICATION, DISTRIBUTION, ETC.
Place of publication, distribution, etc. Islamabad :
Name of publisher, distributor, etc. NUML,
Date of publication, distribution, etc. 2022.
300 ## - PHYSICAL DESCRIPTION
Extent 103 p. ;
Dimensions 25 cm.
563 ## - BINDING INFORMATION
Binding note HBK.
650 ## - SUBJECT ADDED ENTRY--TOPICAL TERM
Topical term or geographic name entry element Muslim scientists
942 ## - ADDED ENTRY ELEMENTS (KOHA)
Source of classification or shelving scheme
Koha item type Book
650 ## - SUBJECT ADDED ENTRY--TOPICAL TERM
-- 113853
Holdings
Withdrawn status Lost status Source of classification or shelving scheme Damaged status Not for loan Permanent Location Current Location Shelving location Date acquired Source of acquisition Total Checkouts Full call number Barcode Date last seen Price effective from Koha item type
          Central Library (CL) Central Library (CL) First Floor - Islam 06/26/2023 Donated by Nihal Ahmed , SEECS NUST   297.298 PRO CL-D-2370 06/26/2023 06/26/2023 Book
© 2023 Central Library, National University of Sciences and Technology. All Rights Reserved.